000 00559nam a2200217Ia 4500
003 GCL
008 140319s9999 xx 000 0 ara d
040 _aGCL /
_cGCL
082 0 4 _a641.5
_bا ب
100 1 _aاسامة السيد
245 1 0 _aبالهنا والشفا /
_cاسامة السيد
250 _aالاولى
300 _a ؛
_c40 سم
650 0 4 _aالغذاء
650 0 4 _aالحلوى
650 0 4 _aالمشروبات
650 0 4 _aطهى الخضروات
650 0 4 _aالطهى
650 0 4 _aالشوربة
942 _2ddc
_cBK
999 _c5750
_d5750